000 00484nam a2200193Ia 4500
003 OSt
005 20230426151326.0
008 210423s2012 xx 000 0 und d
020 _a9789381031209
040 _cAL
041 _aeng
082 _a370
_223
_bOJHS
100 _aOJHA (S).
_993568
245 _aField instruction in social training and development.
260 _aNew Delhi
_bArise Publishers
_c2012
300 _avi,256
_bHB
365 _b850
_cINR
942 _2ddc
_cBK
999 _c161137
_d161137